[Event "Toulouse op"]
[Site "Toulouse"]
[Date "1990.??.??"]
[Round "9"]
[White "Michalet, Guy"]
[Black "Dunnington, Angus J"]
[Result "1-0"]
[WhiteElo "2210"]
[BlackElo "2370"]

1.d4 d6 2.e4 g6 3.Nc3 Bg7 4.Be2 a6 5.h3 b5 6.a3 Nd7 7.Bg5 c5 8.d5 Ngf6 9.Bf3 Ne5
10.Nge2 h6 11.Bd2 Nfd7 12.Bg4 Rb8 13.Bxd7+ Bxd7 14.b3 g5 15.f4 Ng6 16.b4 gxf4
17.O-O e5 18.dxe6 Bxe6 19.Nxf4 Nxf4 20.Rxf4 Rg8 21.Qh5 Qg5 22.Qf3 Be5 23.Rd1 Bxh3
24.Qxh3 Bxf4 25.Bxf4 Qxf4 26.Nd5 Qg5 27.bxc5 dxc5 28.e5 Rg6 29.Nf6+ Rxf6
30.exf6 Qxf6 31.Qg3  1-0

[Event "Val Maubuee op2"]
[Site "Val Maubuee"]
[Date "1990.??.??"]
[Round "?"]
[White "Lupu, Smaranda  B"]
[Black "Dussol, Pierre"]
[Result "1/2-1/2"]
[WhiteElo "2160"]
[BlackElo "2260"]

1.e4 g6 2.d4 Bg7 3.Nc3 d6 4.Be2 Nc6 5.d5 Nd4 6.Bd3 c6 7.h3 e5 8.Nge2 Ne7
9.O-O O-O 10.Nxd4 exd4 11.Ne2 cxd5 12.exd5 Nxd5 13.Be4 Nb4 14.a3 Nc6 15.Nf4 Re8
16.Bd5 Bf5 17.Nd3 Qd7 18.f4 Ne7 19.Bf3 Rac8 20.g4 Be6 21.Bd2 f5 22.g5 Nd5
23.Re1 Bf7 24.Rc1 Ne3 25.Bxe3 dxe3 26.c3 d5 27.Kg2 d4 28.Ne5 Bxe5 29.fxe5 Qe7
30.cxd4 Qxg5+ 31.Kh1 Rcd8 32.Qe2 f4 33.Red1 Rd7 34.Qg2 Qxg2+ 35.Kxg2 Red8
36.Bg4 Rxd4 37.Rxd4 Rxd4 38.Rc8+ Kg7 39.e6 f3+ 40.Kxf3 Bxe6 41.Bxe6 e2 42.Kxe2 Re4+
43.Kf3 Rxe6 44.Rc7+ Kh6 45.Rxb7 a5  1/2-1/2

[Event "Val Thorens op"]
[Site "Val Thorens"]
[Date "1990.??.??"]
[Round "3"]
[White "Strzelecki, Krzysztof"]
[Black "Soloviov, Sergei"]
[Result "1/2-1/2"]
[WhiteElo "2415"]
[BlackElo "2365"]

1.e4 g6 2.d4 Bg7 3.Nc3 d6 4.Be3 a6 5.a4 b6 6.Bc4 e6 7.Nf3 Bb7 8.O-O Nd7 9.Re1 h6
10.h3 Ne7 11.Bf4 Nf6 12.Bd3 c5 13.dxc5 dxc5 14.Ne5 Nh5 15.Bh2 O-O 16.Qe2 Nc6
17.Nxc6 Bxc6 18.e5 Qd4 19.Qg4 Rfd8 20.Rad1 Qb4 21.Bxg6 fxg6 22.Qxe6+ Kh7
23.Qxc6 Qxb2 24.Nd5 Qxc2 25.g4 Rac8 26.Qxb6 Rf8 27.Rf1 Rxf2 28.Ne3 Rxf1+
29.Rxf1 Qd3 30.Re1 Qc3 31.Qb1 Rb8 32.Qxb8 Qxe1+ 33.Nf1 Qd1 34.gxh5 Qd4+ 35.Kg2 Qe4+
36.Kf2 Qd4+ 37.Ke2 Qc4+ 38.Ke1 Qe4+ 39.Kf2 Qd4+ 40.Kf3 Qd5+ 41.Ke3 Qd4+ 42.Ke2 Qc4+
43.Ke1 Qe4+ 44.Kd1 Qxa4+ 45.Kd2  1/2-1/2

[Event "Val Thorens op"]
[Site "Val Thorens"]
[Date "1990.??.??"]
[Round "7"]
[White "Prie, Eric"]
[Black "Soloviov, Sergei"]
[Result "1-0"]
[WhiteElo "2435"]
[BlackElo "2365"]

1.e4 g6 2.d4 Bg7 3.Nc3 d6 4.f4 c6 5.a4 Nh6 6.Nf3 Bg4 7.Be3 d5 8.h3 dxe4 9.hxg4 Nxg4
10.Bg1 exf3 11.Qxf3 Nf6 12.f5 gxf5 13.Qxf5 Qd7 14.Qe5 Qg4 15.Rh3 Nd5 16.Qe4 Qxe4+
17.Nxe4 Nd7 18.a5 N5f6 19.Bd3 a6 20.Ng3 e6 21.O-O-O Rc8 22.Ne4 Nxe4 23.Bxe4 Nf6
24.Bd3 Rd8 25.Rf1 Ng4 26.Be2 h5 27.Rb3 Rd7 28.Rff3 Bf6 29.Rh3 Bg5+ 30.Kb1 f5
31.c4 Rhh7 32.Bf3 Bd8 33.Ra3 Be7 34.Rb3 Bf6 35.Rd3 e5 36.Bxg4 hxg4 37.Rxh7 Rxh7
38.dxe5 Rh1 39.Rd1 Bxe5 40.Kc2 Kf7  1-0

[Event "Vienna op"]
[Site "Vienna"]
[Date "1990.??.??"]
[Round "4"]
[White "Vavruska, Antonin"]
[Black "Nijboer, Friso"]
[Result "0-1"]
[WhiteElo "2290"]
[BlackElo "2485"]

1.e4 g6 2.d4 Bg7 3.Nc3 d6 4.Bg5 c6 5.Qd2 b5 6.a3 Nf6 7.Bd3 Nbd7 8.Nf3 O-O
9.O-O Bb7 10.h3 e5 11.Bh6 a6 12.Rfe1 Re8 13.Bxg7 Kxg7 14.Bf1 Qc7 15.Rad1 Rac8
16.Nb1 c5 17.d5 c4 18.Nc3 Nc5 19.Nh4 Qe7 20.Qg5 Kh8 21.Re3 Ng8 22.Qg3 Rf8
23.Ree1 Rce8 24.b4 cxb3 25.cxb3 Nxb3 26.Nf3 Nc5 27.Rb1 Qc7 28.Rec1 Qa5 29.Qh4 f6
30.Nh2 Rc8 31.Be2 Qxa3 32.Ra1 Qb4 33.Rab1 Qa5 34.Bg4 Rc7 35.Bf3 Nd3  0-1

[Event "Voskresensk"]
[Site "Voskresensk"]
[Date "1990.??.??"]
[Round "?"]
[White "Ulibin, Mikhail"]
[Black "Belov, Igor"]
[Result "1/2-1/2"]
[WhiteElo "2500"]
[BlackElo "2430"]

1.e4 d6 2.d4 g6 3.Nc3 Bg7 4.Bg5 c6 5.Qd2 b5 6.f4 Nd7 7.e5 f6 8.exf6 exf6
9.Bh4 Nb6 10.Ne4 Nh6 11.O-O-O d5 12.Nc5 O-O 13.Re1 Nf5 14.Bf2 Nd6 15.h4 Ne4
16.Nxe4 dxe4 17.h5 Qd5 18.hxg6 hxg6 19.Qa5 Nc4 20.Bxc4  1/2-1/2

[Event "Voskresensk"]
[Site "Voskresensk"]
[Date "1990.??.??"]
[Round "?"]
[White "Vasiukov, Evgeni"]
[Black "Belov, Igor"]
[Result "0-1"]
[WhiteElo "2545"]
[BlackElo "2430"]

1.e4 d6 2.d4 g6 3.Nc3 Bg7 4.Nf3 Nf6 5.Be2 O-O 6.O-O c5 7.d5 Na6 8.Bf4 Nc7
9.a4 b6 10.Re1 Bg4 11.h3 Bxf3 12.Bxf3 Nd7 13.Qd2 Re8 14.Rad1 a6 15.Bh6 Bh8
16.Be2 Rb8 17.Bf1 b5 18.axb5 axb5 19.b3 b4 20.Nb1 Nb5 21.Bxb5 Rxb5 22.Qe2 Ra5
23.Nd2 Ra2 24.Nc4 Nb6 25.Ne3 Bc3 26.Rf1 Qc7 27.Rd3 Bg7 28.Bxg7 Kxg7 29.Rd2 c4
30.Rb1 Rc8 31.Rd4 Qc5 32.Qd1 c3 33.Qg4 Kh8 34.Rdd1 Rd8 35.Qf4 f6 36.Qg4 Qc7
37.Qe6 Ra7 38.Qf7 Rda8 39.Kh2 Qd8 40.Rd4 e5 41.dxe6 Rxf7 42.exf7 Ra7 43.Rxb4 Rxf7
44.Rd1 Qc7 45.Kg1 Re7 46.Rbd4 Re6 47.R1d3 Qe7 48.Rxc3 Rxe4 49.Rd1 d5 50.Rcd3 f5
51.Kf1 Qc5 52.c3 Re5 53.g3 Qb5 54.Kg2 Qc6 55.Kg1 Qc5 56.h4 Qe7 57.Ng2 Re4
58.f3 Re2 59.Kf1 Rb2 60.Re1 Qc5 61.Rde3 Nd7 62.Nf4 Nf6 63.Re8+ Nxe8 64.Rxe8+ Kg7
65.Ne6+ Kf7 66.Nxc5 Kxe8 67.Ne6 Rxb3 68.Nc7+ Kd7 69.Nxd5 Kd6 70.Nf4 Rxc3
71.Kf2 Ke5 72.Ke2 Ra3 73.Kf2 Kf6 74.Nd5+ Ke6 75.Nf4+ Kf7 76.Nd5 h6 77.Ne3 Ra2+
78.Kg1 Ke6 79.Ng2 Ke5 80.Nf4 g5 81.hxg5 hxg5 82.Nh3 g4 83.fxg4 fxg4 84.Nf2 Rxf2
85.Kxf2 Kd4  0-1

[Event "Voskresensk"]
[Site "Voskresensk"]
[Date "1990.??.??"]
[Round "?"]
[White "Tseitlin, Mikhail S"]
[Black "Belov, Igor"]
[Result "1/2-1/2"]
[WhiteElo "2465"]
[BlackElo "2430"]

1.e4 d6 2.d4 g6 3.Nc3 Bg7 4.Be3 c6 5.a4 Nf6 6.h3 O-O 7.Nf3 Qa5 8.Nd2 Qc7
9.a5 e5 10.dxe5 dxe5 11.Nc4 Rd8 12.Qb1 Nbd7 13.Be2 Nf8 14.O-O Ne6 15.Rd1 Nd4
16.Bf1 Nh5 17.Na4 f5 18.c3 f4 19.Bd2 Ne6 20.Qa2 Kh8 21.Ncb6 Rb8 22.Nxc8 Rbxc8
23.Be2 Ng5 24.Qb1 Qe7 25.Qc2 Rf8 26.Bf1 Rcd8 27.b4 Qe6 28.Kh2 Bf6 29.Re1 Rd7
30.Rad1 Rfd8 31.Nb2 b6 32.axb6 axb6 33.Na4 Ra7 34.Nxb6 Qa2 35.Qxa2 Rxa2 36.Nc4 Nf7
37.Kg1 Bh4 38.Be2 Nf6 39.Bf3 Kg7 40.Kf1 h5 41.Re2 g5 42.Be1 Rxd1 43.Rxa2 Rc1
44.Ra7 Kf8 45.Ke2 g4 46.hxg4 hxg4 47.Rxf7+ Kxf7 48.Nxe5+ Ke6 49.Nxg4 Rc2+
50.Kd3 Ra2 51.Nxf6 Kxf6 52.Be2 Ke6 53.Bd2 Ke5 54.Bxf4+ Kxf4 55.g3+ Bxg3 56.fxg3+ Kxg3
57.e5 Kf4 58.e6 Ra8 59.Kd4 Kf5 60.Bc4 Kf6 61.Kc5 Ke7 62.Bf1 Kxe6 63.Bg2 Ra3
64.c4 Kd7 65.Kb6 c5 66.Bc6+ Kc8 67.b5 Rb3 68.Bd5 Kb8 69.Kc6 Rb2 70.b6 Rb1
71.Kxc5 Rb2 72.Kc6 Rb1 73.c5 Rb2 74.Kd6 Rb5 75.Bc6 Rb2 76.Ke5 Rb4 77.Bd5 Kc8
78.Kd6 Kb8 79.Kd7 Rxb6 80.cxb6  1/2-1/2

[Event "Vrnjacka Banja"]
[Site "Vrnjacka Banja"]
[Date "1990.??.??"]
[Round "5"]
[White "Marjanovic, Slavoljub"]
[Black "Vujadinovic, Goran"]
[Result "1/2-1/2"]
[WhiteElo "2480"]
[BlackElo "2370"]

1.e4 g6 2.d4 Bg7 3.Nc3 d6 4.f4 Nc6 5.Be3 Nf6 6.Nf3 O-O 7.e5 Ng4 8.Bg1 dxe5
9.dxe5 f6 10.h3 Nh6 11.Bc4+ Kh8 12.Qe2 fxe5 13.fxe5 e6 14.Bc5 Rxf3 15.gxf3 Nxe5
16.Bd3 Nxd3+ 17.Qxd3 Qxd3 18.cxd3  1/2-1/2

[Event "Vrnjacka Banja"]
[Site "Vrnjacka Banja"]
[Date "1990.??.??"]
[Round "8"]
[White "Todorovic, Goran M"]
[Black "Vujadinovic, Goran"]
[Result "1-0"]
[WhiteElo "2415"]
[BlackElo "2370"]

1.e4 g6 2.d4 d6 3.Nc3 Bg7 4.Nf3 Nf6 5.Be2 O-O 6.O-O c6 7.h3 Qc7 8.Bf4 Nh5
9.Bh2 e5 10.Qd2 Nd7 11.Rad1 h6 12.d5 c5 13.Nb5 Qb8 14.a4 Ndf6 15.Qe3 Re8
16.Nd2 a6 17.Nc3 g5 18.a5 Bd7 19.Nc4 Qc7 20.Rfe1 Nf4 21.Bf1 h5 22.Nb6 Rad8
23.Kh1 Bh6 24.Ne2 g4 25.h4 Kg7 26.Nxf4 exf4 27.Bxf4 Bxf4 28.Qxf4 Re5 29.Nc4 Rde8
30.c3 Bb5 31.Nxe5 Rxe5 32.c4 Bd7 33.Ra1 Qd8 34.Bd3 Nh7 35.Qg3 Nf8 36.f4 Re8
37.e5 Ng6 38.Bxg6 Kxg6 39.exd6 Rxe1+ 40.Qxe1 Qf6 41.Qe7  1-0

[Event "Werfen op"]
[Site "Werfen"]
[Date "1990.??.??"]
[Round "6"]
[White "Glek, Igor V"]
[Black "Lukov, Valentin"]
[Result "1-0"]
[WhiteElo "2535"]
[BlackElo "2450"]

1.d4 d6 2.e4 g6 3.Nc3 Bg7 4.f4 c6 5.Nf3 d5 6.e5 Bg4 7.h3 Bxf3 8.Qxf3 e6 9.Be3 h5
10.g3 Ne7 11.g4 Nd7 12.Bd3 hxg4 13.hxg4 Rxh1+ 14.Qxh1 Qb6 15.O-O-O O-O-O
16.Qh4 Re8 17.Qf2 Rh8 18.f5 gxf5 19.gxf5 Nxf5 20.Bxf5 exf5 21.Qxf5 Qb4 22.Qxf7 Qf8
23.Rf1 Bh6 24.Qxf8+ Rxf8 25.Rxf8+ Bxf8 26.Bg5 Bg7 27.Ne2 Nf8 28.Kd2 Ne6 29.Be3 Kd7
30.Ke1 c5 31.c3 cxd4 32.cxd4 Bf8 33.Kf2 Bb4 34.Kf3 Ke8 35.Nf4 Nc7 36.Kg4 Be1
37.Kf5 Bg3 38.Ne6 Na8 39.Ng7+ Kf7 40.Nh5 Be1 41.e6+ Ke7 42.Nf4 Kd6 43.Ng6 Bg3
44.Kf6  1-0

[Event "Hoogovens"]
[Site "Wijk aan Zee"]
[Date "1990.??.??"]
[Round "7"]
[White "Kuijf, Marinus"]
[Black "Piket, Jeroen"]
[Result "1/2-1/2"]
[WhiteElo "2490"]
[BlackElo "2495"]

1.e4 g6 2.d4 Bg7 3.Nc3 d6 4.f4 Nc6 5.Be3 Nf6 6.h3 O-O 7.g4 e5 8.dxe5 dxe5
9.f5 Nd4 10.Bg2 Re8 11.Nf3 c5 12.O-O b6 13.Nd2 Bb7 14.Rf2 Rc8 15.Ne2 gxf5
16.gxf5 Kh8  1/2-1/2

[Event "Wuppertal (Women)"]
[Site "Wuppertal"]
[Date "1990.??.??"]
[Round "5"]
[White "Veroci, Zsuzsa"]
[Black "Janus, Elfi"]
[Result "1-0"]
[WhiteElo "2315"]
[BlackElo "2115"]

1.e4 g6 2.d4 Bg7 3.Nc3 d6 4.f4 c5 5.dxc5 Qa5 6.cxd6 Bxc3+ 7.bxc3 Qxc3+ 8.Bd2 Qd4
9.Bd3 Bg4 10.Qb1 Nd7 11.h3 Be6 12.Nf3 Qb6 13.Qxb6 axb6 14.O-O exd6 15.f5 gxf5
16.exf5 Bd5 17.Rfe1+ Kd8 18.Be4 Bc6 19.Bf4 d5 20.Bd3 Ra4 21.Bd6 h5 22.Ng5 Nh6
23.Re7 Ne5 24.Bxe5 Kxe7 25.Bxh8 Bd7 26.f6+ Kd6 27.Bg7 Nf5 28.Nxf7+ Ke6 29.Nd8+  1-0

[Event "Wuppertal (Women)"]
[Site "Wuppertal"]
[Date "1990.??.??"]
[Round "7"]
[White "Ehrke, Anja"]
[Black "Janus, Elfi"]
[Result "1-0"]
[WhiteElo "2275"]
[BlackElo "2115"]

1.e4 g6 2.d4 Bg7 3.Nc3 d6 4.f4 c6 5.Be3 a5 6.a4 Na6 7.h3 Nb4 8.Be2 Nf6 9.g4 d5
10.e5 Ne4 11.Nxe4 dxe4 12.Bf1 Be6 13.c3 Nd5 14.Bc1 h5 15.Bg2 hxg4 16.hxg4 Rxh1
17.Bxh1 Qd7 18.g5 Bg4 19.Qc2 Bh5 20.Qxe4 Qg4 21.Ne2 O-O-O 22.Bg2 Rh8 23.Bd2 Qh4+
24.Kf1 Bg4 25.c4 Bf5 26.Qf3 Bg4 27.Qf2 Nb4 28.Qxh4 Rxh4 29.Ra3 e6 30.Kf2 Nc2
31.Rc3 Bf5 32.d5 Bf8 33.d6 Nb4 34.Kg3 Rg4+ 35.Kf3 Rh4 36.Nd4 Bb1 37.Kg3 Rh7
38.Nb3 Na2 39.Re3 b6 40.Bxc6 Bf5 41.Bg2 Bxd6 42.exd6 Kd7 43.c5 bxc5 44.Nxc5+ Kxd6
45.Nb7+ Kc7 46.Bxa5+ Kd7 47.Re2 Rh8 48.Rd2+ Kc8 49.Nd6+ Kb8 50.Nb5 Rc8 51.Rd7  1-0

[Event "Yaroslavl"]
[Site "Yaroslavl"]
[Date "1990.??.??"]
[Round "?"]
[White "Howell, James C"]
[Black "Alber, Horst"]
[Result "1-0"]
[WhiteElo "2415"]
[BlackElo "2325"]

1.e4 g6 2.d4 Bg7 3.Nc3 d6 4.f4 Nf6 5.Nf3 O-O 6.Bd3 Na6 7.O-O c5 8.d5 Bg4
9.Bc4 Qb8 10.h3 Bxf3 11.Qxf3 Nc7 12.a4 a6 13.a5 b5 14.axb6 Qxb6 15.Kh1 e6
16.dxe6 fxe6 17.Bb3 Kh8 18.Be3 Nh5 19.Ne2 Qb5 20.Kg1 d5 21.exd5 Nxd5 22.Ba4 Qxb2
23.Bxc5 Nhxf4 24.Bxf8 Rxf8 25.Bb3 Qe5 26.Rae1 Qf5 27.Kh1 a5 28.Nxf4 Nxf4
29.Qc6 g5 30.Bxe6 Qxc2  1-0

[Event "Yaroslavl"]
[Site "Yaroslavl"]
[Date "1990.??.??"]
[Round "?"]
[White "Shabanov, Yuri"]
[Black "Alber, Horst"]
[Result "1-0"]
[WhiteElo "2375"]
[BlackElo "2325"]

1.e4 g6 2.d4 Bg7 3.Nc3 d6 4.Be3 a6 5.Nf3 Nd7 6.h3 b5 7.a4 b4 8.Na2 c5 9.c3 bxc3
10.Nxc3 cxd4 11.Bxd4 Ngf6 12.Bc4 O-O 13.O-O Qc7 14.Qe2 Bb7 15.Rfc1 Bh6 16.Rc2 Rfc8
17.Nd5 Nxd5 18.exd5 Nf6 19.Re1 Bf8 20.Qd2 Qd7 21.Bxf6 exf6 22.a5 Rc7 23.b3 Rac8
24.Nd4 Rc5 25.Rec1 Qe8 26.Nc6 Bxc6 27.dxc6 Qxc6 28.b4 Rxc4 29.Rxc4 Qxc4 30.Rxc4 Rxc4
31.b5 axb5 32.Qa2 Rc7 33.a6 b4 34.Qa5 Rc1+ 35.Kh2 b3 36.a7 b2 37.a8=Q b1=Q
38.Q5d8 Rh1+ 39.Kg3  1-0

[Event "Aarhus op"]
[Site "Aarhus"]
[Date "1991.??.??"]
[Round "2"]
[White "Madl, Ildiko"]
[Black "Nielsen, Peter Heine"]
[Result "1-0"]
[WhiteElo "2380"]
[BlackElo "2365"]

1.e4 g6 2.d4 Bg7 3.Nc3 d6 4.Be3 c6 5.Qd2 Qa5 6.Bd3 Na6 7.h3 Nf6 8.Nf3 Nb4
9.O-O Nxd3 10.cxd3 O-O 11.a3 Qh5 12.Ne2 Qb5 13.a4 Qb6 14.Nh4 Ne8 15.f4 f5
16.a5 Qd8 17.Nf3 Kh8 18.Nc3 b5 19.axb6 Qxb6 20.d5 Qb7 21.dxc6 Qxc6 22.Qf2 fxe4
23.dxe4 Nf6 24.e5 Ne4 25.Nxe4 Qxe4 26.Ng5 Qd5 27.Rfd1 Qb7 28.exd6 exd6 29.Bd4 h6
30.Qh4 Kg8 31.Nf3 Bxd4+ 32.Rxd4 Qxb2 33.Rad1 Bf5 34.Qxh6 a5 35.Rxd6 Qg7 36.Qg5 Be4
37.Ne5 Rf5 38.Qh4 g5 39.Qg4 Rxf4 40.Qe6+ Kh8 41.Rd8+ Rf8 42.Nf7+  1-0

[Event "Acasusso op"]
[Site "Acasusso"]
[Date "1991.??.??"]
[Round "3"]
[White "Belfiore, Daniel"]
[Black "Llanos, Guillermo"]
[Result "1/2-1/2"]
[WhiteElo "2210"]
[BlackElo "2385"]

1.e4 g6 2.d4 Bg7 3.Nc3 d6 4.g3 Nf6 5.Bg2 O-O 6.Nge2 e5 7.O-O c6 8.a4 a5 9.h3 Na6
10.Be3 Nb4 11.g4 Bxg4 12.hxg4 Nxg4 13.Bh3 Nxe3 14.fxe3 Qg5+ 15.Kh2 Qxe3 16.d5 cxd5
17.Ng3 d4 18.Nb5 Ra6 19.Ra3 d3 20.cxd3 Rc6 21.Rc3 d5 22.Rf3 Qg5 23.Nf1 Qd8
24.Qd2 Rf6 25.Qf2 Rxf3 26.Qxf3 Bh6 27.Rc8 Bf4+ 28.Kh1 Qh4 29.Rxf8+ Kxf8 30.exd5 Nxd5
31.Kg2 Qg5+ 32.Kh1 Nf6 33.Qxb7 Nh5 34.Nd6 Qf6 35.Qc8+ Ke7 36.Qd7+ Kf8 37.Qc8+ Ke7
38.Qd7+ Kf8 39.Qc8+ Ke7  1/2-1/2

[Event "Acasusso op"]
[Site "Acasusso"]
[Date "1991.??.??"]
[Round "6"]
[White "Belfiore, Daniel"]
[Black "Ginsburg, Mark"]
[Result "0-1"]
[WhiteElo "2210"]
[BlackElo "2410"]

1.e4 g6 2.d4 Bg7 3.Nc3 d6 4.Nge2 Nc6 5.d5 Ne5 6.f4 Nd7 7.Nd4 Ngf6 8.Be2 c5
9.dxc6 bxc6 10.Nxc6 Qb6 11.e5 dxe5 12.fxe5 Ne4 13.Nxe4 Qxc6 14.O-O Nxe5 15.Ng5 O-O
16.Be3 Bf5 17.Nf3 Ng4 18.Nd4 Qxg2+ 19.Kxg2 Nxe3+ 20.Kg1 Nxd1 21.Nxf5 gxf5
22.Raxd1 e6 23.Rd7 Bxb2 24.Bh5 Kg7 25.Rf3 Rac8 26.Rb3 Be5 27.Rbb7 Rxc2 28.Bxf7 Kf6
29.Re7 Bd4+ 30.Kf1 e5 31.h4 f4 32.Bd5 Kf5 33.Rg7 h6 34.Bg8 Rxg8 35.Rxg8 f3
36.Rf7+ Ke4 37.Rg4+ Ke3 38.Kg1 Rxa2 39.Rg3 Ke2+ 40.Kh2 f2 41.Kg2 Ke1  0-1

[Event "Acasusso op"]
[Site "Acasusso"]
[Date "1991.??.??"]
[Round "8"]
[White "Tempone, Marcelo"]
[Black "Ginsburg, Mark"]
[Result "1-0"]
[WhiteElo "2460"]
[BlackElo "2410"]

1.e4 g6 2.d4 Bg7 3.Nc3 d6 4.Be3 a6 5.Be2 b5 6.a3 Nd7 7.f4 Bb7 8.Nh3 Ngf6
9.Nf2 e5 10.fxe5 dxe5 11.d5 h5 12.Qd2 Qe7 13.O-O Rd8 14.Kh1 Nf8 15.Nd3 Ng4
16.Bxg4 hxg4 17.g3 Rh5 18.Bc5 Qd7 19.Kg1 Nh7 20.Be3 Qe7 21.Rf2 f5 22.Raf1 Bc8
23.Nb4 Rd6 24.Nc6 Qd7 25.a4 Rxc6 26.dxc6 Qxc6 27.axb5 axb5 28.Rd1 Bd7 29.Nd5 Bf8
30.Qa5 Bd6 31.Qa7 Kf7 32.b4 Ng5 33.Bxg5 Rxg5 34.Qb8 Rh5 35.Qd8 Be8 36.Qf6+ Kg8
37.exf5 gxf5 38.Qe6+ Bf7 39.Ne7+ Kf8 40.Qxf7+  1-0

[Event "Acasusso op"]
[Site "Acasusso"]
[Date "1991.??.??"]
[Round "9"]
[White "Juarez, Alberto"]
[Black "Anelli, Antonio"]
[Result "0-1"]
[WhiteElo "2245"]
[BlackElo "2295"]

1.e4 d6 2.d4 g6 3.Nc3 Bg7 4.f4 e6 5.Nf3 Ne7 6.Be3 Nd7 7.Qd2 b6 8.O-O-O Bb7
9.Bd3 d5 10.e5 a6 11.g4 c5 12.f5 cxd4 13.Bxd4 Nc6 14.f6 Bf8 15.Qf4 Nxd4 16.Nxd4 Qc7
17.Rhe1 O-O-O 18.Kb1 Kb8 19.Re3 Bc5 20.Nce2 Rc8 21.c3 b5 22.Ng1 Ba7 23.Ngf3 Nc5
24.Bc2 Ka8 25.Ree1 Bb8 26.g5 Ne4 27.h4 Rhd8 28.Rc1 Qb6 29.a3 Nc5 30.h5 a5
31.Re3 Rd7 32.Nd2 Rdc7 33.Rh1 Ba7 34.Rhh3 b4 35.axb4 axb4 36.Ne2 b3 37.Bd1 Ba6
38.Qb4 Qxb4 39.cxb4 Ne4 40.Nxe4 Bxe3 41.Rxe3 dxe4 42.Nc3 Bd3+ 43.Kc1 Rc4
44.hxg6 hxg6 45.Rh3 Rxb4 46.Kd2 Rc5 47.Rh8+ Ka7 48.Re8 Rxe5 49.Re7+ Rb7 50.Bxb3 Rxg5
51.Ba4 Rc5 52.Be8 Rcc7 53.Bxf7 Rxe7 54.fxe7 Rxe7 55.Bxg6 Rb7 56.Bxe4 Bxe4
57.Nxe4 Rxb2+ 58.Kd3 Rb5 59.Nc3 Rh5 60.Ne2 Kb7 61.Nf4 Rh6  0-1

[Event "Euwe mem"]
[Site "Amsterdam"]
[Date "1991.??.??"]
[Round "6"]
[White "Van der Wiel, John TH"]
[Black "Gurevich, Mikhail"]
[Result "1/2-1/2"]
[WhiteElo "2530"]
[BlackElo "2650"]

1.e4 g6 2.d4 d6 3.Nc3 Bg7 4.Be3 c6 5.Qd2 Nd7 6.f4 b5 7.Nf3 Ngf6 8.e5 b4 9.exf6 bxc3
10.Qxc3 Nxf6 11.Qxc6+ Bd7 12.Qa6 O-O 13.Bd3 Qb8 14.Rb1 Ng4 15.Bd2 e5 16.O-O exd4
17.Rfe1 Ne3 18.c3 Bc8 19.Qa4 Bb7 20.cxd4 Nf5 21.Be4 Bxe4 22.Rxe4 Qb7 23.Re2 Rac8
24.Be1 h5 25.Rd1 Bh6 26.d5 Rc5 27.Qe4 Qa6 28.Qd3 Qxd3 29.Rxd3 Bxf4 30.g3 Bh6
31.h3 Bg7 32.Kg2 Rfc8 33.Bf2 Rc2 34.Rdd2 Rxd2 35.Rxd2 a5 36.b3 Rc3 37.Bb6 Bh6
38.Re2 Ne3+ 39.Kf2 Nd1+ 40.Kg2 Ne3+ 41.Kf2 Nxd5 42.Bxa5 Be3+ 43.Kg2 Rd3 44.Bd2 Kf8
45.Bxe3 Nxe3+ 46.Kf2 Nd1+ 47.Kg2 Nc3 48.Rb2 Ke7 49.b4 Na4 50.Rc2 Nc3 51.Rb2 Ne4
52.a4 Kd7 53.a5 Ra3 54.g4 hxg4 55.hxg4 Nf6 56.Ng5 Nxg4 57.Nxf7 Ne3+ 58.Kh2 Nc4
59.Rg2 Ra4 60.Rxg6 Rxb4  1/2-1/2

[Event "ARG-ch sf"]
[Site "?"]
[Date "1991.??.??"]
[Round "1"]
[White "Adla, Diego"]
[Black "Aparicio, Anibal"]
[Result "1-0"]
[WhiteElo "2435"]
[BlackElo "2330"]

1.e4 d6 2.d4 g6 3.Nc3 Bg7 4.Be3 c6 5.a4 Qb6 6.Qd2 Qxb2 7.Rb1 Qa3 8.Bd3 Nf6
9.Nge2 d5 10.e5 Ng4 11.Rb3 Qa1+ 12.Nc1 Nxe3 13.fxe3 b5 14.Bxb5 cxb5 15.O-O bxa4
16.Rb1 Qxb1 17.Nxb1 Ba6 18.Qa5 e6 19.Qxa4+ Kf8 20.Nd3 Bh6 21.Rf3 Kg7 22.Nc3 Bxd3
23.cxd3 Rc8 24.Nb5 Nc6 25.Nd6 Rc7 26.Nxf7 Bxe3+ 27.Rxe3 Kxf7 28.h4 Rb8 29.Rf3+ Kg7
30.Rf6 Re8 31.Kf2 Rf8 32.Rxf8 Kxf8 33.Qa3+ Ke8 34.Ke3 Ne7 35.Kf4 Kf7 36.g4 h6
37.Ke3 Rc2 38.Qa1 Rh2 39.Qg1 Rh3+ 40.Kd2 Ke8 41.Qf2 Kd7 42.Kc3 Rh1 43.Qb2 Rxh4
44.Qb7+ Ke8 45.Qb8+ Kf7 46.Qh8 Rxg4 47.Qf6+ Ke8 48.Qxe6 Rg1 49.Qf6 Nf5 50.Qc6+ Ke7
51.Qxd5 Rc1+ 52.Kb2 Rc2+ 53.Kb1 Rc7 54.Qg8 Nxd4 55.Qg7+ Kd8 56.Qf8+  1-0

[Event "ARG-ch sf"]
[Site "?"]
[Date "1991.??.??"]
[Round "3"]
[White "Servat, Roberto"]
[Black "Aguerreberry, Claudio"]
[Result "1-0"]
[WhiteElo "2395"]
[BlackElo "2210"]

1.e4 g6 2.d4 Bg7 3.Nc3 d6 4.Nf3 Nf6 5.Be2 O-O 6.O-O c6 7.h3 Qc7 8.Bf4 Nh5
9.Bg5 b5 10.Qd2 b4 11.Nd1 c5 12.a3 Bb7 13.axb4 cxb4 14.Qxb4 h6 15.Be3 Bxe4
16.c4 Bb7 17.Qd2 Kh7 18.Nc3 Nf6 19.Nb5 Qd7 20.d5 a6 21.Nbd4 e6 22.dxe6 fxe6
23.Rfd1 Qf7 24.Qb4 Ne4 25.Nxe6 Nc6 26.Nxf8+ Rxf8 27.Qb3 Ne5 28.Qc2 Rc8 29.Rac1 d5
30.b3 dxc4 31.bxc4 Nc3 32.Nxe5 Bxe5 33.Re1 Be4 34.Bd3 Rxc4 35.Bxe4 Rxe4 36.Bxh6 Rxe1+
37.Rxe1 Kxh6 38.Rxe5  1-0

[Event "AUT-chT"]
[Site "?"]
[Date "1991.??.??"]
[Round "?"]
[White "Sinowjew, Juri"]
[Black "Wallner, Walter"]
[Result "1-0"]
[WhiteElo "2300"]
[BlackElo "2240"]

1.e4 g6 2.d4 Bg7 3.Nc3 d6 4.g3 Nc6 5.Be3 Nf6 6.h3 e5 7.Nge2 O-O 8.Bg2 exd4
9.Nxd4 Re8 10.O-O Bd7 11.Qd2 a6 12.f4 Rb8 13.Rad1 Na5 14.b3 c5 15.Nf3 Bc6
16.Qf2 Bxe4 17.Bxc5 Qc7 18.Bd4 b5 19.Bxf6 Bxf3 20.Bxg7 Bxg2 21.Kxg2 Kxg7
22.Qd4+ Kg8 23.Nd5 Qb7 24.Kg1 Re2 25.Rfe1 Rbe8 26.Nf6+ Kf8 27.Qxd6+ Kg7 28.Nxe8+  1-0

[Event "AUT-chT"]
[Site "?"]
[Date "1991.??.??"]
[Round "?"]
[White "Mahdi, Khaled"]
[Black "Schlosser, Michael"]
[Result "0-1"]
[WhiteElo "2360"]
[BlackElo "2380"]

1.e4 g6 2.d4 Bg7 3.Nc3 d6 4.Nge2 c6 5.a4 Nf6 6.g3 O-O 7.Bg2 e5 8.O-O Nbd7
9.a5 Qc7 10.h3 Re8 11.Be3 exd4 12.Bxd4 Nc5 13.e5 Rxe5 14.Bxe5 dxe5 15.Qd2 h5
16.Rfd1 Bf5 17.Qd6 Qxd6 18.Rxd6 a6 19.Na4 Nxa4 20.Rxa4 Bxc2 21.Rc4 Bf5 22.Rc1 Ne8
23.Rdd1 Bf8 24.Nc3 Nd6 25.Na4 Rc8 26.Nc5 Rc7 27.Re1 f6 28.Red1 Kf7 29.Bf1 Ke7
30.Kg2 g5 31.f3 Bg6 32.g4 h4 33.Be2 Ne8 34.Bxa6 bxa6 35.Nxa6 Rb7 36.Rxc6 Rxb2+
37.Kg1 Ra2 38.Nc5 Kf7 39.Rd7+ Kg8 40.a6 Bxc5+ 41.Rxc5 Rxa6 42.Rc8 Ra2 43.Re7 Kf8
44.Rb7 Ra1+ 45.Kf2 Ra2+ 46.Kg1 Ra6 47.Kf2 Re6 48.Ke3 Re7 49.Rb6 Kg7 50.Rbc6 Rb7
51.Re6 Rb2 52.Re7+ Kf8 53.Re6 Kg7 54.Re7+ Kh6 55.Rexe8 Bxe8 56.Rxe8 Rh2 57.Ke4 Rxh3
58.f4 exf4 59.Kf5 Ra3 60.Kxf6 Ra6+ 61.Kf5 f3 62.Re3 f2 63.Rf3 Kg7 64.Ke5 Ra2  0-1

[Event "URS-chT"]
[Site "Azov"]
[Date "1991.??.??"]
[Round "?"]
[White "Galdunts, Sergey"]
[Black "Itkis, Boris"]
[Result "1-0"]
[WhiteElo "2445"]
[BlackElo "2355"]

1.e4 g6 2.d4 Bg7 3.Nc3 d6 4.Nge2 Nf6 5.g3 O-O 6.Bg2 e5 7.h3 Nc6 8.Be3 exd4
9.Nxd4 Bd7 10.O-O Re8 11.Nde2 a6 12.f4 b5 13.a3 a5 14.e5 b4 15.axb4 axb4
16.Rxa8 Qxa8 17.exf6 bxc3 18.Bd4 Nxd4 19.Nxd4 Qa7 20.fxg7 cxb2 21.c3 Bf5
22.Qb3 Rb8 23.Qc4 b1=Q 24.Rxb1 Rxb1+ 25.Kh2 Bd7 26.Qe2 Qb8 27.f5 Rb2 28.Qf3 c5
29.fxg6  1-0

[Event "Bacolod"]
[Site "Bacolod"]
[Date "1991.??.??"]
[Round "2"]
[White "Mascarinas, Rico"]
[Black "Donguines, Fernie"]
[Result "0-1"]
[WhiteElo "2410"]
[BlackElo "2435"]

1.d4 g6 2.e4 Bg7 3.Nc3 d6 4.Be3 Nf6 5.f3 c6 6.Qd2 O-O 7.h4 h5 8.Bc4 d5 9.exd5 cxd5
10.Bb3 Nc6 11.Nge2 Na5 12.Bg5 Nxb3 13.axb3 Re8 14.Kd1 a6 15.Kc1 Bf5 16.Ng3 Be6
17.Nf1 b5 18.Ne3 Qd7 19.Ne2 Nh7 20.Bf4 Rec8 21.Qb4 Rc6 22.Kd2 f6 23.c3 Bf7
24.Nc2 e5 25.Be3 Re8 26.Rhe1 g5 27.Qa5 Bf8 28.Nc1 Bg6 29.Nd3 Qf5 30.Ncb4 Rce6
31.Qc7 gxh4 32.dxe5 fxe5 33.Qb7 a5 34.Rxa5 d4 35.Bf2 dxc3+ 36.Kxc3 Rd6 37.Nc5 Rc8
38.Qxb5 Rd4 39.Qb6 Nf6 40.Bxd4 exd4+ 41.Kxd4 Qf4+ 42.Ne4 Nxe4 43.fxe4 Qf2+  0-1

[Event "JUG-ch"]
[Site "Banja Vrucica"]
[Date "1991.??.??"]
[Round "?"]
[White "Maric, Dragan"]
[Black "Vujadinovic, Goran"]
[Result "1-0"]
[WhiteElo "2325"]
[BlackElo "2360"]

1.e4 d6 2.d4 g6 3.Nc3 Bg7 4.Be3 a6 5.f4 b5 6.Bd3 Bb7 7.Nf3 b4 8.Ne2 Nf6 9.Ng3 Nbd7
10.Qd2 c5 11.f5 Ng4 12.Bf4 cxd4 13.Qxb4 Rb8 14.Qd2 Qb6 15.Rb1 O-O 16.O-O Rbc8
17.h3 Ne3 18.Rfe1 Nc4 19.Qf2 Nde5 20.Bf1 Nxf3+ 21.gxf3 Ne5 22.c3 Nd7 23.c4 a5
24.b3 Kh8 25.h4 gxf5 26.Nxf5 Bf6 27.Bh3 Ne5 28.Red1 e6 29.Nxd4 Nxf3+ 30.Nxf3 Rg8+
31.Kf1  1-0

[Event "JUG-ch"]
[Site "Banja Vrucica"]
[Date "1991.??.??"]
[Round "?"]
[White "Simic, Radoslav"]
[Black "Runic, Zoran"]
[Result "1-0"]
[WhiteElo "2485"]
[BlackElo "2250"]

1.d4 g6 2.e4 Bg7 3.Nc3 d6 4.h3 c5 5.dxc5 dxc5 6.Qxd8+ Kxd8 7.Be3 Nd7 8.O-O-O Bxc3
9.bxc3 Kc7 10.f4 b6 11.Nf3 Bb7 12.Bc4 f6 13.f5 Ne5 14.Bf4 g5 15.Bg3  1-0